| 000 | 00453nam a22001817a 4500 | ||
|---|---|---|---|
| 003 | NUST | ||
| 020 | _a0071241361 | ||
| 038 | _akhadija | ||
| 082 |
_a629.132323 _bAND |
||
| 100 |
_aAnderson, John D. _91520 |
||
| 245 |
_aModern Compressible Flow with Historical Perspective / _cJohn D. Anderson |
||
| 250 | _a3rd | ||
| 260 |
_aNew York: _bMcGraw Hill; _c2004. |
||
| 300 |
_a760p, ; _b22 cm. |
||
| 500 | _aPaperback. | ||
| 563 | _aPB | ||
| 942 |
_cBK _2ddc |
||
| 999 |
_c32458 _d32458 |
||